| 000 | 01272nam a2200301Ia 4500 | ||
|---|---|---|---|
| 005 | 20220316235300.0 | ||
| 008 | 121119s2001 ck gr 000 0 spa | ||
| 020 | _a9586142515 | ||
| 041 | 0 | _aspa | |
| 082 | 0 | 4 |
_aR 986.1 _bN82 |
| 245 | 0 | 0 |
_aNueva historia de Colombia _cdirectores cientificos, Jaime Jaramillo Uribe y Álvaro Tirado Mejía |
| 250 | _aDécima edición | ||
| 300 | _a11 voluménes | ||
| 500 | _aIncluye bibliografia | ||
| 505 | 0 | _av. I. Historia política 1886-1946 -- v. II. Historia política 1946-1986 -- v. III. Relaciones internacionales, movimientos sociales -- v. IV Educación y ciencia, lucha de la mujer, vida diaria -- v. V. Economía, café, industria -- v. VI. Literatura y pensamiento, artes, recreación. | |
| 650 | 1 | 4 |
_aCultura _xHistoria _zColombia _2LEMB |
| 651 | 4 |
_aColombia _vDiccionarios _xHistoria _927132 |
|
| 651 | 4 |
_aColombia _xCondiciones económicas _xHistorias _927133 |
|
| 651 | 4 |
_aColombia _xAspectos _927134 |
|
| 700 | 1 |
_aJaramillo Uribe, Jaime _927135 |
|
| 700 | 1 |
_aTirado Mejía, Álvaro _927136 |
|
| 942 |
_2ddc _cBK |
||
| 264 |
_aBogotá _bPlaneta _c2001 |
||
| 336 |
_atexto _btxt _2rdacontent |
||
| 337 |
_asin mediación _bn _2rdamedia |
||
| 338 |
_avolumen _bnc _2rdacarrier |
||
| 040 |
_aCO-BoRNBP _bspa _erda _cCO-BoRNBP |
||
| 999 |
_c483 _d483 |
||